=LDR 00000nam 2200000 4500 =001 INLIS000000000046744 =005 20150504103845.0 =006 =007 =008 =035 ##$$0010-051500000000003 =082 ##$$a 372.7 =090 ##$$a 372.7 tim r =100 ##$$a tim dunia anak =245 ##$$a aku cepat pintar berhitung =260 ##$$a dunia anak =850 ##$$a NPBMAT =990 ##$$a 0001/BPAP-NTB/20142015